[Event "Rottach Egern Seniors Cup 12th"]
[Site "Rottach Egern"]
[Date "2024.04.09"]
[Round "4"]
[White "Farel, Edgard"]
[Black "Ryseck, Werner"]
[Result "1/2-1/2"]
[WhiteElo "1719"]
[BlackElo "1799"]
[PlyCount "42"]
[EventDate "2024.04.06"]
[EventType "swiss"]
[EventRounds "9"]
[EventCountry "GER"]
[SourceTitle "CB16_2024"]
[SourceDate "2024.04.17"]
[SourceVersion "1"]
[SourceVersionDate "2024.04.17"]
[SourceQuality "1"]

1. e4 c6 2. d4 d5 3. Nc3 dxe4 4. Nxe4 Nd7 5. Bc4 e6 6. a3 Ngf6 7. Nxf6+ Nxf6 8. Nf3 h6 9. 0-0 Bd6 10. Re1 0-0 11. h3 b5 12. Ba2 Bb7 13. c4 bxc4 14. Bxc4 c5 15. Be2 cxd4 16. Nxd4 Bc5 17. Nf3 Ne4 18. Be3 Bxe3 19. fxe3 Qb6 20. Qd4 Qxd4 21. Nxd4 Nf6 1/2-1/2

[Event "GER-ch 2014-V2-F serv"]
[Site "GER email"]
[Date "2014.??.??"]
[Round "?"]
[White "Gonschior, Manfred"]
[Black "Ryseck, Werner"]
[Result "1-0"]
[WhiteElo "2120"]
[BlackElo "1894"]
[PlyCount "103"]
[EventDate "2014.??.??"]
[EventType "tourn (corr)"]
[EventRounds "6"]
[EventCountry "GER"]
[SourceTitle "Corr 2015"]
[Source "ChessBase"]
[SourceDate "2015.07.17"]
[SourceVersion "1"]
[SourceVersionDate "2015.07.17"]
[SourceQuality "1"]

1. e4 e6 2. d4 d5 3. Nd2 c5 4. Ngf3 a6 5. exd5 exd5 6. Be2 cxd4 7. 0-0 Bd6 8. Nb3 Nf6 9. Re1 0-0 10. Nfxd4 Qc7 11. g3 Re8 12. Bf1 Rxe1 13. Qxe1 Nc6 14. Nxc6 Qxc6 15. Nd4 Qb6 16. c3 Bg4 17. Rb1 Re8 18. Be3 h5 19. Qd2 Ne4 20. Qc2 Qc7 21. f3 Nf6 22. Bf2 Bd7 23. Re1 h4 24. Rxe8+ Nxe8 25. Kg2 hxg3 26. hxg3 Nf6 27. Bd3 Nh5 28. Ne2 Qc8 29. Qd2 Bh3+ 30. Kg1 Bf5 31. Bxf5 Qxf5 32. g4 Qb1+ 33. Kg2 Nf6 34. b3 b5 35. b4 Qh7 36. Bg3 Bf8 37. Qd1 Nd7 38. Nf4 Nb6 39. Bf2 Bd6 40. Nh3 Nc4 41. a4 Qg6 42. axb5 axb5 43. Qxd5 Qc2 44. Qxb5 Ne3+ 45. Kh1 Nxg4 46. Qe8+ Bf8 47. fxg4 Qxc3 48. Kg2 Qxb4 49. Kf3 Qb7+ 50. Qe4 Qxe4+ 51. Kxe4 f5+ 52. Kxf5 1-0

[Event "GER-ch 2013-C-V2 serv"]
[Site "GER email"]
[Date "2013.12.02"]
[Round "?"]
[White "Gonschior, Manfred"]
[Black "Ryseck, Werner"]
[Result "1-0"]
[WhiteElo "2048"]
[BlackElo "1967"]
[PlyCount "73"]
[EventDate "2013.06.20"]
[EventType "tourn (corr)"]
[EventRounds "6"]
[EventCountry "GER"]
[SourceTitle "Corr 2015"]
[Source "ChessBase"]
[SourceDate "2015.07.17"]
[SourceVersion "1"]
[SourceVersionDate "2015.07.17"]
[SourceQuality "1"]

1. e4 c6 2. d4 d5 3. Nd2 g6 4. Bd3 Bg7 5. Ngf3 dxe4 6. Nxe4 Nf6 7. Nxf6+ exf6 8. 0-0 0-0 9. Re1 Be6 10. c4 Na6 11. h3 Qd6 12. Be3 Rad8 13. Qd2 Qb4 14. Rad1 Qxd2 15. Bxd2 f5 16. Bf1 Rd7 17. Bc3 Rfd8 18. Ne5 Rd6 19. g3 Rc8 20. b3 Rdd8 21. Ba5 b6 22. Bc3 Nb8 23. Bg2 Re8 24. a4 f4 25. gxf4 Bf5 26. b4 Bc2 27. Ra1 f6 28. Ng4 Rxe1+ 29. Rxe1 Bxa4 30. Re7 h5 31. Ne3 f5 32. Rxa7 b5 33. Bf3 h4 34. Rb7 Na6 35. Rb6 Nb8 36. c5 Bb3 37. Kf1 1-0

[Event "GER-ch 2013-B-V3 serv"]
[Site "GER email"]
[Date "2013.07.24"]
[Round "?"]
[White "Ryseck, Werner"]
[Black "Wittenberg, Gerd"]
[Result "1/2-1/2"]
[WhiteElo "1967"]
[BlackElo "1918"]
[PlyCount "63"]
[EventDate "2013.05.01"]
[EventType "tourn (corr)"]
[EventRounds "6"]
[EventCountry "GER"]
[SourceTitle "Corr 2015"]
[Source "ChessBase"]
[SourceDate "2015.07.17"]
[SourceVersion "1"]
[SourceVersionDate "2015.07.17"]
[SourceQuality "1"]

1. d4 Nf6 2. c4 c5 3. d5 b5 4. cxb5 a6 5. b6 Qxb6 6. Nc3 d6 7. e4 g6 8. Nf3 Bg7 9. Be2 0-0 10. Nd2 Qc7 11. Nc4 Nbd7 12. 0-0 Rb8 13. Bf4 Ne5 14. Bxe5 dxe5 15. Qd2 Ne8 16. b3 Nd6 17. Nb2 h5 18. Rac1 Kh7 19. Qc2 Bh6 20. Rcd1 Nb5 21. Nxb5 axb5 22. a4 bxa4 23. Nxa4 Bd7 24. Rd3 Bxa4 25. bxa4 Rb4 26. Rc3 Qa5 27. Bb5 Rxe4 28. Rxc5 Rd4 29. Bc6 Qc7 30. a5 e4 31. Qc3 Rd3 32. Qe5 1/2-1/2

[Event "GER-ch 2013-E-V3 serv"]
[Site "GER email"]
[Date "2013.??.??"]
[Round "?"]
[White "Lakowitz, Detlef"]
[Black "Ryseck, Werner"]
[Result "0-1"]
[WhiteElo "1339"]
[BlackElo "1967"]
[PlyCount "32"]
[EventDate "2013.11.15"]
[EventType "tourn (corr)"]
[EventRounds "6"]
[EventCountry "GER"]
[SourceTitle "Corr 2015"]
[Source "ChessBase"]
[SourceDate "2015.07.17"]
[SourceVersion "1"]
[SourceVersionDate "2015.07.17"]
[SourceQuality "1"]

1. d4 Nf6 2. Nf3 d5 3. Nc3 Bf5 4. e3 e6 5. Bb5+ c6 6. Bd3 Nbd7 7. 0-0 Bd6 8. Bxf5 exf5 9. h3 Ne4 10. Ne5 Nxe5 11. Nxe4 fxe4 12. dxe5 Bxe5 13. f4 exf3 14. Qxf3 Qe7 15. e4 dxe4 16. Qxe4 Bh2+ 0-1

[Event "GER-ch 2013-D-V3 serv"]
[Site "GER email"]
[Date "2013.??.??"]
[Round "?"]
[White "Lelgemann, Ludwig"]
[Black "Ryseck, Werner"]
[Result "1-0"]
[WhiteElo "2005"]
[BlackElo "1967"]
[PlyCount "45"]
[EventDate "2013.10.20"]
[EventType "tourn (corr)"]
[EventRounds "6"]
[EventCountry "GER"]
[SourceTitle "Corr 2015"]
[Source "ChessBase"]
[SourceDate "2015.07.17"]
[SourceVersion "1"]
[SourceVersionDate "2015.07.17"]
[SourceQuality "1"]

1. d4 Nf6 2. Bg5 e6 3. e4 h6 4. Bxf6 Qxf6 5. Nf3 d6 6. Nc3 Nd7 7. Qd2 Be7 8. Nb5 Bd8 9. Qc3 Qf4 10. Nd2 Qf6 11. Nb3 a5 12. a4 Qg6 13. f3 0-0 14. Nxc7 Rb8 15. Nb5 b6 16. Nxd6 Bh4+ 17. Kd1 Be7 18. Qc7 Rd8 19. Kc1 Qg5+ 20. Kb1 Qf4 21. Nb5 Qf6 22. Ka2 Ba6 23. Qg3 1-0

[Event "GER-ch 2013-F-V3 serv"]
[Site "GER email"]
[Date "2013.??.??"]
[Round "?"]
[White "Lelgemann, Ludwig"]
[Black "Ryseck, Werner"]
[Result "1-0"]
[WhiteElo "2023"]
[BlackElo "1967"]
[PlyCount "103"]
[EventDate "2013.12.31"]
[EventType "tourn (corr)"]
[EventRounds "6"]
[EventCountry "GER"]
[SourceTitle "Corr 2015"]
[Source "ChessBase"]
[SourceDate "2015.07.17"]
[SourceVersion "1"]
[SourceVersionDate "2015.07.17"]
[SourceQuality "1"]

1. d4 d5 2. c4 e6 3. Nc3 c6 4. Nf3 dxc4 5. e3 b5 6. a4 Bb4 7. Bd2 a5 8. axb5 Bxc3 9. Bxc3 cxb5 10. b3 Bb7 11. bxc4 b4 12. Bb2 Nf6 13. Bd3 Nbd7 14. 0-0 0-0 15. Nd2 Qc7 16. Bc2 Rfd8 17. Re1 Nb6 18. c5 Nbd7 19. f3 Bc6 20. Ba4 Bxa4 21. Rxa4 Nb8 22. Nc4 Nc6 23. Qc2 e5 24. Nd6 exd4 25. exd4 Ne7 26. Qe2 Nfd5 27. Qb5 h5 28. Re5 h4 29. Re4 h3 30. gxh3 Nf6 31. Re1 Rdb8 32. Qf1 Ned5 33. h4 Nf4 34. Kh1 N6d5 35. Bc1 Qc6 36. Ra1 b3 37. Bxf4 Nxf4 38. Re4 Ne6 39. Rd1 Qd7 40. Nf5 a4 41. c6 Qd8 42. d5 b2 43. d6 Kh8 44. c7 Nxc7 45. dxc7 Qxc7 46. Qg1 Qc3 47. Qg4 g6 48. Qf4 g5 49. Qg4 Qf6 50. hxg5 b1Q 51. Rxb1 Rxb1+ 52. Kg2 1-0

[Event "GER-ch 2013-B-V3 serv"]
[Site "GER email"]
[Date "2013.??.??"]
[Round "?"]
[White "Mayer, Johann"]
[Black "Ryseck, Werner"]
[Result "1/2-1/2"]
[WhiteElo "2009"]
[BlackElo "1967"]
[PlyCount "77"]
[EventDate "2013.05.01"]
[EventType "tourn (corr)"]
[EventRounds "6"]
[EventCountry "GER"]
[SourceTitle "Corr 2015"]
[Source "ChessBase"]
[SourceDate "2015.07.17"]
[SourceVersion "1"]
[SourceVersionDate "2015.07.17"]
[SourceQuality "1"]

1. d4 Nf6 2. c4 e6 3. Nf3 d5 4. Nc3 Bb4 5. cxd5 exd5 6. Bg5 Nbd7 7. Qc2 0-0 8. e3 c5 9. Bd3 h6 10. Bh4 c4 11. Bh7+ Kh8 12. Bf5 g6 13. Bxd7 Bxd7 14. 0-0 Bxc3 15. Bxf6+ Qxf6 16. Qxc3 Bf5 17. Rfe1 Kh7 18. Ne5 Qd8 19. b3 b5 20. a4 a6 21. f3 f6 22. Nc6 Qd6 23. axb5 axb5 24. Nb4 Be6 25. Nc2 Rfb8 26. Rxa8 Rxa8 27. e4 cxb3 28. Qxb3 dxe4 29. Qxb5 Rc8 30. Qb4 Qd7 31. Ne3 exf3 32. gxf3 f5 33. Kg2 Rc7 34. d5 Bxd5 35. Rd1 Qe6 36. Nxd5 Qe2+ 37. Kg3 Qxd1 38. Nxc7 Qg1+ 39. Kh3 1/2-1/2

[Event "GER-ch 2012-A-V2 serv"]
[Site "GER email"]
[Date "2013.??.??"]
[Round "?"]
[White "Poulheim, Karl Friedrich"]
[Black "Ryseck, Werner"]
[Result "1-0"]
[WhiteElo "2194"]
[BlackElo "1967"]
[PlyCount "89"]
[EventDate "2012.03.19"]
[EventType "tourn (corr)"]
[EventRounds "6"]
[EventCountry "GER"]
[SourceTitle "Corr 2015"]
[Source "ChessBase"]
[SourceDate "2015.07.17"]
[SourceVersion "1"]
[SourceVersionDate "2015.07.17"]
[SourceQuality "1"]

1. a3 Nf6 2. e3 d5 3. Nf3 Bf5 4. d4 e6 5. c4 Bd6 6. c5 Be7 7. Nc3 0-0 8. Be2 b6 9. b4 a5 10. Bd2 axb4 11. axb4 Nc6 12. Na4 Ne4 13. 0-0 bxc5 14. b5 Nb8 15. dxc5 Nxc5 16. Nxc5 Rxa1 17. Qxa1 Bxc5 18. Bc3 f6 19. Nd4 Bxd4 20. exd4 Qd6 21. Qb2 Qb6 22. Ra1 Nd7 23. Ra6 Qb8 24. h3 Re8 25. Qa3 Nb6 26. Qc5 Rd8 27. Bd2 e5 28. dxe5 fxe5 29. f4 e4 30. Be3 Bc8 31. Ra3 Be6 32. Bd4 Rd7 33. Qc6 Rd6 34. Qc3 Rd7 35. Ra6 Qd8 36. Qc6 Rd6 37. Qc5 Qb8 38. Qa3 Qe8 39. Ra7 Qb8 40. Kh2 g6 41. Kh1 Bf5 42. g4 Bc8 43. f5 Rd7 44. Ra5 Bb7 45. Qg3 1-0

[Event "GER-ch 2013-E-V3 serv"]
[Site "GER email"]
[Date "2013.??.??"]
[Round "?"]
[White "Ryseck, Werner"]
[Black "Oehler, Rolf"]
[Result "1-0"]
[WhiteElo "1967"]
[BlackElo "2057"]
[PlyCount "88"]
[EventDate "2013.11.15"]
[EventType "tourn (corr)"]
[EventRounds "6"]
[EventCountry "GER"]
[SourceTitle "Corr 2015"]
[Source "ChessBase"]
[SourceDate "2015.07.17"]
[SourceVersion "1"]
[SourceVersionDate "2015.07.17"]
[SourceQuality "1"]

1. Nf3 Nf6 2. g3 d5 3. Bg2 c6 4. 0-0 Bg4 5. Ne5 Bh5 6. d4 e6 7. c4 Nbd7 8. Bg5 Be7 9. Qb3 h6 10. Bxf6 Bxf6 11. cxd5 cxd5 12. Nxd7 Qxd7 13. e3 0-0 14. Rc1 Bg4 15. Nc3 Bf5 16. Qb5 Qe7 17. a3 Rfd8 18. Ne2 Rd6 19. Nf4 g5 20. Nh5 Bh8 21. Bf3 Rb6 22. Qe2 e5 23. dxe5 Qxe5 24. b4 Qb2 25. Qf1 Rd8 26. g4 Bc2 27. Ng3 d4 28. exd4 Bxd4 29. Be4 Bxe4 30. Nxe4 Re6 31. Ng3 Qb3 32. Rab1 Qf3 33. Qg2 Qxg4 34. Qxb7 h5 35. Rc8 Bxf2+ 36. Kh1 Rxc8 37. Qxc8+ Kg7 38. Qc3+ f6 39. Rf1 Bxg3 40. hxg3 h4 41. gxh4 Qxh4+ 42. Kg1 Qg4+ 43. Kh1 Kg6 44. Qd3+ f5 1-0

[Event "GER-ch 2013-D-V3 serv"]
[Site "GER email"]
[Date "2013.??.??"]
[Round "?"]
[White "Ryseck, Werner"]
[Black "Zitzmann, Johann"]
[Result "1/2-1/2"]
[WhiteElo "1894"]
[BlackElo "2083"]
[PlyCount "55"]
[EventDate "2013.10.20"]
[EventType "tourn (corr)"]
[EventRounds "6"]
[EventCountry "GER"]
[SourceTitle "Corr 2015"]
[Source "ChessBase"]
[SourceDate "2015.07.17"]
[SourceVersion "1"]
[SourceVersionDate "2015.07.17"]
[SourceQuality "1"]

1. Nf3 Nf6 2. c4 g6 3. g3 Bg7 4. Bg2 c6 5. 0-0 d5 6. d4 0-0 7. cxd5 cxd5 8. Nc3 Ne4 9. Nxe4 dxe4 10. Ne5 Qd5 11. b3 Bf5 12. Bb2 Rc8 13. Nc4 Nc6 14. e3 h5 15. Qb1 e5 16. dxe5 Nxe5 17. Rd1 Qe6 18. Nxe5 Bxe5 19. Bxe5 Qxe5 20. Rd4 Rd8 21. Qd1 Kg7 22. Qd2 Rd7 23. Rd1 Rad8 24. Qc3 Rc7 25. Qb4 Rxd4 26. exd4 Qd5 27. Qd2 Bg4 28. Re1 1/2-1/2

[Event "GER-ch 2012-D-V3 serv"]
[Site "GER email"]
[Date "2012.12.08"]
[Round "?"]
[White "Zitzmann, Johann"]
[Black "Ryseck, Werner"]
[Result "1-0"]
[WhiteElo "2069"]
[BlackElo "1967"]
[PlyCount "67"]
[EventDate "2012.08.13"]
[EventType "tourn (corr)"]
[EventRounds "6"]
[EventCountry "GER"]
[SourceTitle "Corr 2015"]
[Source "ChessBase"]
[SourceDate "2015.07.17"]
[SourceVersion "1"]
[SourceVersionDate "2015.07.17"]
[SourceQuality "1"]

1. e4 e6 2. d4 d5 3. Nc3 dxe4 4. Nxe4 Nd7 5. Nf3 Ngf6 6. Nxf6+ Nxf6 7. Bd3 c5 8. Be3 Qc7 9. Qe2 Bd6 10. 0-0-0 0-0 11. dxc5 Bxc5 12. Bxc5 Qxc5 13. Ne5 Qa5 14. a3 b5 15. Bxb5 Bb7 16. f3 Rfc8 17. Rhe1 Bd5 18. Bd3 Rab8 19. c4 Rb7 20. Qd2 Qa6 21. Kb1 Rcb8 22. cxd5 Rxb2+ 23. Qxb2 Rxb2+ 24. Kxb2 Qb6+ 25. Ka2 Nxd5 26. Rc1 g5 27. Re2 Kg7 28. Nc4 Qd4 29. Rd2 Qc5 30. Rcc2 f5 31. g4 Kf6 32. gxf5 exf5 33. Nb2 Qe3 34. Rc6+ 1-0

[Event "GER-ch66 V04 email"]
[Site "GER email"]
[Date "2012.??.??"]
[Round "?"]
[White "Delport, Wolfgang"]
[Black "Ryseck, Werner"]
[Result "1-0"]
[WhiteElo "2082"]
[BlackElo "1933"]
[PlyCount "75"]
[EventDate "2011.10.01"]
[EventType "tourn (corr)"]
[EventRounds "8"]
[EventCountry "GER"]
[SourceTitle "Corr 2015"]
[Source "ChessBase"]
[SourceDate "2015.07.17"]
[SourceVersion "1"]
[SourceVersionDate "2015.07.17"]
[SourceQuality "1"]

1. d4 Nf6 2. c4 e6 3. Nf3 b6 4. g3 Bb7 5. Bg2 Bb4+ 6. Bd2 Be7 7. Nc3 0-0 8. 0-0 d5 9. cxd5 Nxd5 10. Re1 Nxc3 11. Bxc3 f5 12. Ne5 Bxg2 13. Kxg2 Bf6 14. Qb3 Qd5+ 15. Qxd5 exd5 16. Nd3 c6 17. Rac1 a5 18. e3 Re8 19. Rc2 g5 20. h3 Ra7 21. g4 fxg4 22. hxg4 Rae7 23. b4 axb4 24. Bxb4 Re6 25. Rec1 Bd8 26. a4 Bc7 27. Bd2 Re4 28. Nb4 Rxg4+ 29. Kf3 h5 30. Nxc6 Nxc6 31. Rxc6 Rf8+ 32. Ke2 Rg2 33. Be1 Bd8 34. Kf1 Rh2 35. Kg1 Rh4 36. Bb4 Re8 37. Rh6 Rg4+ 38. Kf1 1-0

[Event "GER-ch 2012-F-V3 serv"]
[Site "GER email"]
[Date "2012.??.??"]
[Round "?"]
[White "Gonschior, Manfred"]
[Black "Ryseck, Werner"]
[Result "1/2-1/2"]
[WhiteElo "2131"]
[BlackElo "1933"]
[PlyCount "45"]
[EventDate "2012.11.19"]
[EventType "tourn (corr)"]
[EventRounds "6"]
[EventCountry "GER"]
[SourceTitle "Corr 2015"]
[Source "ChessBase"]
[SourceDate "2015.07.17"]
[SourceVersion "1"]
[SourceVersionDate "2015.07.17"]
[SourceQuality "1"]

1. e4 e6 2. d4 d5 3. Nd2 c5 4. Ngf3 Nf6 5. exd5 exd5 6. Bb5+ Bd7 7. Bxd7+ Nbxd7 8. 0-0 Be7 9. dxc5 Nxc5 10. Nb3 Nce4 11. Re1 Qc7 12. Nfd4 Bd6 13. g3 0-0 14. Nf5 Qd7 15. Nxd6 Nxd6 16. Bg5 Nde4 17. Bxf6 Nxf6 18. Nd4 Rfe8 19. Kg2 Rxe1 20. Qxe1 Qa4 21. c3 Re8 22. Qd1 Qa5 23. f3 1/2-1/2

[Event "GER-ch68 V03 email"]
[Site "GER email"]
[Date "2012.??.??"]
[Round "?"]
[White "Rund, Hans Juergen"]
[Black "Ryseck, Werner"]
[Result "1/2-1/2"]
[WhiteElo "1640"]
[BlackElo "1933"]
[PlyCount "76"]
[EventDate "2012.02.13"]
[EventType "tourn (corr)"]
[EventRounds "6"]
[EventCountry "GER"]
[SourceTitle "Corr 2015"]
[Source "ChessBase"]
[SourceDate "2015.07.17"]
[SourceVersion "1"]
[SourceVersionDate "2015.07.17"]
[SourceQuality "1"]

1. d4 Nf6 2. c4 e6 3. Nc3 Bb4 4. Qc2 0-0 5. a3 Bxc3+ 6. Qxc3 d6 7. Bg5 Nbd7 8. e3 b6 9. Ne2 Bb7 10. Qc2 c5 11. Rd1 Qe7 12. Nc3 h6 13. Bh4 cxd4 14. Rxd4 Ne5 15. f3 Rac8 16. Be2 Ng6 17. Bf2 e5 18. Rd1 d5 19. 0-0 dxc4 20. Nb5 Bd5 21. Nc3 Bc6 22. a4 Qb4 23. Be1 Qc5 24. Bf2 Rfd8 25. Rxd8+ Rxd8 26. e4 Qb4 27. g3 Nf8 28. Be1 Ne6 29. Nb5 Qe7 30. Bxc4 a6 31. Bxe6 Qxe6 32. Nc3 b5 33. axb5 axb5 34. Nd1 Bd7 35. Bb4 Qb6+ 36. Qf2 Qc6 37. Qd2 Qb6+ 38. Qe3 Qe6 1/2-1/2

[Event "GER-ch 2012-D-V3 serv"]
[Site "GER email"]
[Date "2012.??.??"]
[Round "?"]
[White "Ryseck, Werner"]
[Black "Kocks, Friedhelm"]
[Result "0-1"]
[WhiteElo "1933"]
[BlackElo "2097"]
[PlyCount "70"]
[EventDate "2012.08.13"]
[EventType "tourn (corr)"]
[EventRounds "6"]
[EventCountry "GER"]
[SourceTitle "Corr 2015"]
[Source "ChessBase"]
[SourceDate "2015.07.17"]
[SourceVersion "1"]
[SourceVersionDate "2015.07.17"]
[SourceQuality "1"]

1. d4 Nf6 2. c4 g6 3. Nc3 d5 4. cxd5 Nxd5 5. e4 Nxc3 6. bxc3 Bg7 7. Bc4 c5 8. Ne2 Nc6 9. Be3 0-0 10. 0-0 Qc7 11. Rc1 Rd8 12. Bf4 Be5 13. Bg3 Bxg3 14. fxg3 e6 15. Qd2 Rb8 16. a4 a6 17. Qg5 b5 18. Bb3 c4 19. Ba2 Qe7 20. Qe3 bxa4 21. Bxc4 Na5 22. Bd3 e5 23. Rc2 Bd7 24. d5 Nb3 25. Kh1 a5 26. c4 Rdc8 27. Nc3 Nd4 28. Rcf2 Rb3 29. Qd2 Rf8 30. Ne2 Nxe2 31. Bxe2 Qb4 32. Qg5 a3 33. Qxe5 Rb1 34. Bd3 Rxf1+ 35. Rxf1 Qd2 0-1

[Event "GER-ch67 V03 email"]
[Site "GER email"]
[Date "2012.??.??"]
[Round "?"]
[White "Ryseck, Werner"]
[Black "Koehl, Rudolf"]
[Result "1/2-1/2"]
[WhiteElo "1933"]
[BlackElo "2105"]
[PlyCount "70"]
[EventDate "2012.01.30"]
[EventType "tourn (corr)"]
[EventRounds "6"]
[EventCountry "GER"]
[SourceTitle "Corr 2015"]
[Source "ChessBase"]
[SourceDate "2015.07.17"]
[SourceVersion "1"]
[SourceVersionDate "2015.07.17"]
[SourceQuality "1"]

1. d4 Nf6 2. c4 g6 3. Nc3 Bg7 4. e4 d6 5. f3 0-0 6. Be3 Nc6 7. Nge2 a6 8. Qd2 Rb8 9. Nc1 e5 10. Nb3 exd4 11. Nxd4 Ne5 12. Be2 Bd7 13. 0-0 Qe8 14. b3 Qc8 15. Rad1 Re8 16. Bg5 Nc6 17. Nc2 Be6 18. Nd5 Nd7 19. Bh6 Bh8 20. b4 b5 21. cxb5 axb5 22. f4 Bxd5 23. exd5 Ne7 24. f5 Nf6 25. fxg6 hxg6 26. Ne3 Qb7 27. Bf3 Ra8 28. Kh1 Qc8 29. g4 Nd7 30. Rc1 Ne5 31. Be2 Qb7 32. Bd1 Nc8 33. Rf4 Nb6 34. Bb3 Rac8 35. Rff1 Nbc4 1/2-1/2

[Event "GER-ch68 V03 email"]
[Site "GER email"]
[Date "2012.??.??"]
[Round "?"]
[White "Ryseck, Werner"]
[Black "Seyb, Norbert"]
[Result "1/2-1/2"]
[WhiteElo "1933"]
[BlackElo "1722"]
[PlyCount "75"]
[EventDate "2012.02.13"]
[EventType "tourn (corr)"]
[EventRounds "6"]
[EventCountry "GER"]
[SourceTitle "Corr 2015"]
[Source "ChessBase"]
[SourceDate "2015.07.17"]
[SourceVersion "1"]
[SourceVersionDate "2015.07.17"]
[SourceQuality "1"]

1. d4 d5 2. c4 dxc4 3. Nf3 Nf6 4. e3 e6 5. Bxc4 c5 6. 0-0 Nc6 7. Qe2 Be7 8. dxc5 Bxc5 9. e4 0-0 10. e5 Nd5 11. Nc3 Nxc3 12. bxc3 Qc7 13. Bd3 b6 14. Qe4 g6 15. Bh6 Rd8 16. Rfd1 Bb7 17. Qf4 Be7 18. Be4 Rxd1+ 19. Rxd1 Rd8 20. Re1 Rd7 21. Ng5 Bxg5 22. Bxg5 Nd8 23. Bxb7 Nxb7 24. h4 f5 25. exf6 Qxf4 26. Bxf4 Kf7 27. Bg5 Nc5 28. f3 Rd3 29. Rc1 e5 30. Re1 Nd7 31. f4 Nxf6 32. fxe5 Ng4 33. e6+ Ke8 34. c4 Rd4 35. g3 h6 36. Bf4 Rxc4 37. e7 Rc6 38. a4 1/2-1/2

[Event "GER-ch67 V03 email"]
[Site "GER email"]
[Date "2012.??.??"]
[Round "?"]
[White "Ryseck, Werner"]
[Black "Wilshusen, Horst"]
[Result "1-0"]
[WhiteElo "1933"]
[BlackElo "1523"]
[PlyCount "59"]
[EventDate "2012.01.30"]
[EventType "tourn (corr)"]
[EventRounds "6"]
[EventCountry "GER"]
[SourceTitle "Corr 2015"]
[Source "ChessBase"]
[SourceDate "2015.07.17"]
[SourceVersion "1"]
[SourceVersionDate "2015.07.17"]
[SourceQuality "1"]

1. d4 Nf6 2. c4 e6 3. Nc3 Bb4 4. e3 0-0 5. Bd3 d5 6. Nf3 c5 7. 0-0 Nc6 8. a3 Bxc3 9. bxc3 dxc4 10. Bxc4 Qc7 11. Ba2 e5 12. h3 e4 13. Nh2 Bf5 14. Ng4 Nxg4 15. hxg4 Bg6 16. a4 Rfd8 17. Ba3 b6 18. Qe2 Na5 19. Rad1 cxd4 20. cxd4 Qd7 21. d5 Rac8 22. Rc1 h5 23. gxh5 Bf5 24. h6 gxh6 25. Qh5 Kh7 26. d6 Bg6 27. Qe5 Nc6 28. Qf6 Rg8 29. Bb2 Qd8 30. Bxf7 1-0

[Event "GER-ch 2012-A-V2 serv"]
[Site "GER email"]
[Date "2012.??.??"]
[Round "?"]
[White "Ryseck, Werner"]
[Black "Winkler, Uwe"]
[Result "1/2-1/2"]
[WhiteElo "1933"]
[BlackElo "2063"]
[PlyCount "97"]
[EventDate "2012.03.19"]
[EventType "tourn (corr)"]
[EventRounds "6"]
[EventCountry "GER"]
[SourceTitle "Corr 2015"]
[Source "ChessBase"]
[SourceDate "2015.07.17"]
[SourceVersion "1"]
[SourceVersionDate "2015.07.17"]
[SourceQuality "1"]

1. d4 Nf6 2. c4 e6 3. Nc3 Bb4 4. e3 0-0 5. Bd3 d5 6. Nf3 c5 7. 0-0 Nc6 8. a3 Bxc3 9. bxc3 dxc4 10. Bxc4 Qc7 11. Bd3 e5 12. Qc2 Re8 13. Ng5 h6 14. Ne4 Nxe4 15. Bxe4 exd4 16. cxd4 Qd6 17. dxc5 Qe7 18. Bh7+ Kh8 19. Bb2 Be6 20. Rfd1 Rac8 21. Bf5 Nd8 22. Rac1 b6 23. Bd4 Bxf5 24. Qxf5 Ne6 25. c6 Nxd4 26. Rxd4 Qxa3 27. Qc2 Rc7 28. Rd3 Qe7 29. Qd2 Rec8 30. Rd6 a5 31. Qd3 a4 32. g3 Ra7 33. Qd4 Kh7 34. Rd1 a3 35. Qxb6 a2 36. Ra1 Qe5 37. Rdd1 Qa5 38. Qxa5 Rxa5 39. Rd2 Rxc6 40. Raxa2 Rxa2 41. Rxa2 g5 42. f3 f5 43. g4 fxg4 44. fxg4 Kg6 45. Kf2 h5 46. h3 h4 47. Kf3 Rc4 48. Rf2 Rc1 49. Ke4 1/2-1/2

[Event "GER-ch63 V04 email"]
[Site "GER email"]
[Date "2011.??.??"]
[Round "?"]
[White "Drobka, Manfred"]
[Black "Ryseck, Werner"]
[Result "1-0"]
[WhiteElo "2190"]
[BlackElo "1767"]
[PlyCount "71"]
[EventDate "2011.02.21"]
[EventType "tourn (corr)"]
[EventRounds "6"]
[EventCountry "GER"]
[SourceTitle "Corr 2015"]
[Source "ChessBase"]
[SourceDate "2015.07.17"]
[SourceVersion "1"]
[SourceVersionDate "2015.07.17"]
[SourceQuality "1"]

1. e4 c6 2. d4 d5 3. e5 Bf5 4. Nf3 e6 5. Be2 c5 6. Be3 cxd4 7. Nxd4 Ne7 8. c4 Nbc6 9. Qa4 a6 10. Na3 Qa5+ 11. Qxa5 Nxa5 12. 0-0 Nac6 13. Rfd1 Nxd4 14. Bxd4 Rc8 15. Rac1 h5 16. cxd5 Rxc1 17. Rxc1 exd5 18. Rc7 Nc6 19. Be3 d4 20. Bf4 Nd8 21. Bd2 f6 22. Bd1 Be7 23. exf6 gxf6 24. Nc4 h4 25. Bf3 h3 26. g3 Rh7 27. Na5 b6 28. Nc6 d3 29. Nxd8 Bxd8 30. Rxh7 Bxh7 31. Bg4 a5 32. Bxh3 b5 33. Kf1 Bb6 34. Bg2 b4 35. Be3 Bxe3 36. fxe3 1-0

[Event "GER-ch60 V04 email"]
[Site "GER email"]
[Date "2011.??.??"]
[Round "?"]
[White "Kienel, Norbert"]
[Black "Ryseck, Werner"]
[Result "1-0"]
[WhiteElo "1938"]
[BlackElo "1767"]
[PlyCount "131"]
[EventDate "2011.??.??"]
[EventType "tourn (corr)"]
[EventRounds "6"]
[EventCountry "GER"]
[SourceTitle "Corr 2015"]
[Source "ChessBase"]
[SourceDate "2015.07.17"]
[SourceVersion "1"]
[SourceVersionDate "2015.07.17"]
[SourceQuality "1"]

1. d4 Nf6 2. c4 e6 3. Nc3 Bb4 4. e3 c5 5. Bd3 Nc6 6. Nf3 d5 7. 0-0 0-0 8. cxd5 exd5 9. dxc5 Bxc5 10. a3 Bg4 11. h3 Bxf3 12. Qxf3 Ne5 13. Qe2 Nxd3 14. Qxd3 a5 15. Rd1 Qe7 16. Nxd5 Nxd5 17. Qxd5 Rfd8 18. Qf3 Qe5 19. Rb1 Rxd1+ 20. Qxd1 Bd6 21. g3 Qf5 22. Bd2 Qxh3 23. Qf3 Qe6 24. Bc3 Qb3 25. Rd1 Bxa3 26. Bxg7 Bxb2 27. Bxb2 Qxb2 28. Rd7 Qb1+ 29. Kh2 Qa2 30. Rxb7 Ra6 31. Rb5 h6 32. Qg4+ Rg6 33. Qf4 Ra6 34. Qf5 a4 35. Kg1 Qa1+ 36. Kg2 Kg7 37. Rb4 a3 38. Qc8 Rg6 39. Rb8 Kh7 40. Qf8 Qf6 41. Qxa3 Qc6+ 42. Kg1 Rg8 43. Qd3+ Qg6 44. Qxg6+ Rxg6 45. Rb5 Rc6 46. Kg2 Kg6 47. g4 Re6 48. Kg3 Kg7 49. Rd5 Kg6 50. Kf4 Rf6+ 51. Rf5 Ra6 52. e4 f6 53. f3 Rb6 54. Rd5 Re6 55. Rc5 Ra6 56. Kg3 Ra1 57. Rc6 Ra5 58. Kh4 Re5 59. Rc4 Ra5 60. f4 Ra7 61. f5+ Kg7 62. Kh5 Re7 63. Ra4 Rc7 64. Ra6 Rb7 65. Re6 Rb1 66. Re7+ 1-0